000 01523 a2200241 4500
003 OSt
005 20180116192341.0
008 120525t xxu||||| |||| 00| 0 eng d
020 _a1145918735 (paperback)
020 _a9781145918733 (paperback)
040 _c0
082 _a307.1264
100 1 _aRobinson, Charles Mulford.
_92267
245 1 0 _aCity planning :
_bwith special reference to the planning of streets and lots /
_cCharles Mulford Robinson.
260 _aNew yark :
_bNabu Press,
_c2010.
300 _a456 p. :
_bill.;
_c25 cm.
500 _aInclude index .
520 _aThis is an EXACT reproduction of a book published before 1923. This IS NOT an OCR'd book with strange characters, introduced typographical errors, and jumbled words. This book may have occasional imperfections such as missing or blurred pages, poor pictures, errant marks, etc. that were either part of the original artifact, or were introduced by the scanning process. We believe this work is culturally important, and despite the imperfections, have elected to bring it back into print as part of our continuing commitment to the preservation of printed works worldwide. We appreciate your understanding of the imperfections in the preservation process, and hope you enjoy this valuable book.
650 0 _aCity Planning.
_92268
856 4 0 _3Amazon.com
_uhttp://www.amazon.com/exec/obidos/ASIN/1145918735/chopaconline-20
942 _aSADA
_cBK
_k307.1264 ROB 2010
_2ddc
999 _c352662
_d352662